Make your own performing puppets
| Main Author: | |
|---|---|
| Format: | Book |
| Published: |
New York :
Sterling Publishing ,
1995
|
| Subjects: |
MARC
| LEADER | 00000cam a2200000 7i4500 | ||
|---|---|---|---|
| 001 | 0000007528 | ||
| 002 | 000008088 | ||
| 005 | 20000330.0 | ||
| 020 | |a 189556932X | ||
| 090 | 0 | 0 | |a 745.59224 |b LON |
| 100 | 1 | |a Long, Teddy Cameron | |
| 245 | 1 | 0 | |a Make your own performing puppets |c Teddy Cameron Long |
| 260 | |a New York : |b Sterling Publishing , |c 1995 | ||
| 300 | |a 96p. : |b ill ; |c 26cm. | ||
| 650 | 0 | 0 | |a Handicraft |
| 650 | 0 | 0 | |a Puppet making |
| 650 | 0 | 0 | |a Puppet making |x Juvenile literature |
| 999 | |a 051999 |b BUKU |c PINJAMAN |e PERPUSTAKAAN KOMUNITI PETALING JAYA | ||